000 00460cam a2200193ua 4500
020 _c2.00
041 _ahin
_h
082 _a891.54
_bSHI/HI
100 _aShivnath, .
245 _aHindi alochana ki avarjen pravarthiyan /
_cShivnath.
_hTextual Documents
250 _a1 /
_b.
260 _aDelhi :
_bRajkamal Prakash.
300 _a41 ; .
365 _a2.00
504 _a
700 1 _aJagdeesh, Gupta .
942 _cBK
999 _c6427
_d6427